000 00432nam a22001217a 4500
008 160318b xxu||||| |||| 00| 0 eng d
245 _aSound Reporting
_bthe npr guide to audio journalism and production
_cby jonath Kern
260 _aU.S.A
_buniversity press
_c2008
300 _axiii
650 _aRadio journalism
650 _aradio
_xproduction and direction
942 _2lcc
_cBK
_hPN4784 .R2K47 2008 C.1
999 _c15862
_d15862